003670000a22001210004500090001700000245007300017041001400090700003300104100003300137942001300170773004500183999001700228 aAsbSeriadas10aAndiodrilus bogotaensis como indicadora de contaminación del suelo0 aEspañol1 aChamorro Bello, Clara9999321 aRomero Pinto, María999933 cARTICULO1 tColombia Geográficah2q7-17d1987g13 c15699d15699